<?xml version="1.0" encoding="UTF-8"?><collection xmlns="info:lc/xmlns/marcxchange-v2"><record format="Unimarc" type="bibliographic"><leader>00553cam  2200205   450 </leader><controlfield tag="001">1732405</controlfield><controlfield tag="003">http://id.bnportugal.gov.pt/bib/porbase/1732405</controlfield><controlfield tag="005">20030625163600.0</controlfield><datafield ind1=" " ind2=" " tag="010"><subfield code="a">0-262-06162-7</subfield><subfield code="b">Encadernado</subfield><subfield code="d">C.</subfield></datafield><datafield ind1=" " ind2=" " tag="035"><subfield code="9">05117</subfield></datafield><datafield ind1=" " ind2=" " tag="095"><subfield code="a">PTBN01031680</subfield></datafield><datafield ind1=" " ind2=" " tag="100"><subfield code="a">19960126d1995    k  y0pory0103    ba</subfield></datafield><datafield ind1="0" ind2=" " tag="101"><subfield code="a">eng</subfield></datafield><datafield ind1=" " ind2=" " tag="102"><subfield code="a">US</subfield></datafield><datafield ind1="1" ind2=" " tag="200"><subfield code="a">Reasoning about knowledge</subfield></datafield><datafield ind1=" " ind2=" " tag="210"><subfield code="a">Cambridge</subfield><subfield code="c">MIT Press</subfield><subfield code="d">1995</subfield></datafield><datafield ind1=" " ind2=" " tag="215"><subfield code="a">XIII, 477 p.</subfield></datafield><datafield ind1=" " ind2=" " tag="675"><subfield code="a">165</subfield><subfield code="v">med</subfield><subfield code="z">por</subfield><subfield code="3">290017</subfield></datafield><datafield ind1=" " ind2="1" tag="700"><subfield code="a">Fagin</subfield><subfield code="b">Ronald</subfield><subfield code="3">824692</subfield></datafield><datafield ind1=" " ind2="0" tag="801"><subfield code="a">PT</subfield><subfield code="b">BN</subfield><subfield code="g">RPC</subfield></datafield><datafield ind1=" " ind2=" " tag="977"><subfield code="1">165 REA CH</subfield><subfield code="2">coop</subfield><subfield code="4">UASD</subfield><subfield code="6">efalt329190</subfield><subfield code="7">bc</subfield><subfield code="8">coop</subfield><subfield code="9">UASD</subfield><subfield code="b">17618</subfield><subfield code="k">0</subfield></datafield><datafield ind1=" " ind2=" " tag="998"><subfield code="a">ASD24-1204</subfield></datafield></record></collection>